Postavenie Nemecka vo svetovom hospodárstve diplomová práca

Salvato in:
Dettagli Bibliografici
Autore principale: Miklošová, Andrea
Ente Autore: Obchodná fakulta EU. Katedra medzinárodného obchodu
Altri autori: Vargová, Andrea
Natura: Libro
Lingua:slovacco
Pubblicazione: Bratislava 2011
Tags: Aggiungi Tag
Nessun Tag, puoi essere il primo ad aggiungerne!!

MARC

LEADER 00000nbm a2200000 4500
001 0131985
005 20161109101747.3
041 0 |a slo 
044 |a SK 
245 1 0 |a Postavenie Nemecka vo svetovom hospodárstve  |b diplomová práca  |c Andrea Miklošová ; školiteľ: Andrea Vargová 
264 1 |a Bratislava  |c 2011 
300 |a 63 s. 
100 1 |a Miklošová, Andrea 
700 1 |a Vargová, Andrea 
710 2 |a Obchodná fakulta EU. Katedra medzinárodného obchodu